Obálka
Pro půjčování e-knih musíte být přihlášeni.
Jak si půjčit online?

Karneval paměťových buněk /

Známý český moderátor, textař a bavič představuje krátké povídky, v nichž autorovy "paměťové buňky" nabízejí posluchačům řadu nejrůznějších témat k úsměvu i k zamyšlení.

Uloženo v:
Hlavní autor: Šíp, Karel, 1945- (Autor, Vypravěč-komentátor)
Médium: E-audiokniha
Jazyk:Czech
Vydáno: Praha : XYZ, [2019]
Témata:
Tagy:
Žádné tagy
LEADER 03443nim a2200733 i 4500
001 313035
003 CZ PrSKC
005 20260601215734.0
007 sd fungnnmmned
008 190610t20192019xr nnnng f n cze
015 |a cnb003101929 
024 3 |a 8594050426542 
040 |a ABA001  |b cze  |e rda 
072 7 |a 821.162.3-3  |x Česká próza  |2 Konspekt 
080 |a 821.162.3-3  |2 MRF 
080 |a (0:82-4)  |2 MRF 
080 |a (086.7)08  |2 MRF 
080 |a (086.76)  |2 MRF 
100 1 |a Šíp, Karel,  |d 1945-  |7 jn99240001675  |4 aut  |4 nrt 
245 1 0 |a Karneval paměťových buněk /  |c Karel Šíp 
264 1 |a Praha :  |b XYZ,  |c [2019] 
264 4 |c ©2019 
300 |a 1 audiodisk (3 hod., 1 min., 47 sek.) ;  |c 12 cm 
306 |a 030147 
336 |a mluvené slovo  |b spw  |2 rdacontent 
337 |a audio  |b s  |2 rdamedia 
338 |a audiodisk  |b sd  |2 rdacarrier 
344 |a digital  |b optical  |2 rda 
347 |a audio soubor  |b MP3  |2 rda 
500 |a Název z disku 
500 |a Copyright Albatros Media 
500 |a Nezkrácená audiokniha ve formátu MP3 
500 |a Podle stejnojmenné knihy vydané nakladatelstvím XYZ v roce 2018 
511 0 |a Čte Karel Šíp 
520 2 |a Známý český moderátor, textař a bavič představuje krátké povídky, v nichž autorovy "paměťové buňky" nabízejí posluchačům řadu nejrůznějších témat k úsměvu i k zamyšlení.  |b Oblíbený moderátor a bavič Karel Šíp s nadhledem sobě vlastním představuje témata, která ho zajímají, o kterých debatuje se svými televizními hosty nebo jež vyplavila zákoutí jeho paměti. Dozvíte se například, jaké geny zdědil po svém tatínkovi, jakou hodnotu má autogram nebo proč mu řidiči ukazují zdvižený prostředníček. Nakladatelská anotace. 
655 7 |a české prózy  |7 fd133972  |2 czenas 
655 7 |a fejetony  |7 fd132252  |2 czenas 
655 7 |a audioknihy  |7 fd119452  |2 czenas 
655 7 |a kompaktní disky  |7 fd201991  |2 czenas 
900 |a ABA001  |b 18 
044 |a xr 
505 0 0 |t Vysvetlivka uvodem (2 min., 29 sek.) 
505 0 0 |t Karneval pametových bunek (10 min., 0 sek.) 
505 0 0 |t Smim prosit (14 min., 38 sek.) 
505 0 0 |t Strejdove nestrejdove (7 min., 14 sek.) 
505 0 0 |t O me (neopsane) maturitni praci (7 min., 50 sek.) 
505 0 0 |t O utajovanem hrdinstvi (7 min., 45 sek.) 
505 0 0 |t Pokus o denik (6 min., 54 sek.) 
505 0 0 |t Zaskok (14 min., 21 sek.) 
505 0 0 |t Basista (4 min., 11 sek.) 
505 0 0 |t Co je umeni a co kyc (17 min., 26 sek.) 
505 0 0 |t Dopis Williamu Shakespearovi (19 min., 45 sek.) 
505 0 0 |t Kam jdete, Hamlete (3 min., 4 sek.) 
505 0 0 |t O hodnote autogramu (8 min., 52 sek.) 
505 0 0 |t Vesele hratky se statnimi svatky (12 min., 4 sek.) 
505 0 0 |t O majitelich ridicaku (12 min., 6 sek.) 
505 0 0 |t Podivna logika ustalených rceni (9 min., 46 sek.) 
505 0 0 |t Nemam svyho cvokare! (7 min., 24 sek.) 
505 0 0 |t Chvala korupce (11 min., 11 sek.) 
505 0 0 |t Poznamka na zaver (1 min., 24 sek.) 
505 0 0 |t At zijou doktori (3 min., 22 sek.) 
910 |a RBIT002 
998 |d 206673  |a https://core.palmknihy.cz/api/books/206673/cover?sia8sf  |b https://core.palmknihy.cz/api/books/206673/cover/400?sia8sf  |c https://core.palmknihy.cz/api/books/206673/cover/50?sia8sf  |e 2026-12-31  |i 8594050426542  |l 10860  |q 49  |r 1  |s https://www.palmknihy.cz/kniha/206673  |t audiobook  |y 2019  |z 0 
999 |d 313033